[Event "GER-ROU U18 Online 2020"]
[Site "PlayChess INT"]
[Date "2020.04.25"]
[Round "1"]
[White "Stoleriu , George"]
[Black "Engel, Luis"]
[Result "1-0"]
[WhiteElo "2349"]
[BlackElo "2532"]
[PlyCount "59"]
[EventDate "2020.04.25"]
[EventType "rapid"]
[WhiteTeam "ROU"]
[BlackTeam "GER"]

1. e4 c5 2. Nf3 d6 3. Bb5+ Nd7 4. d4 cxd4 5. Qxd4 a6 6. Bxd7+ Bxd7 7. O-O Nf6
8. Bg5 e6 9. Nbd2 Bc6 10. Nc4 b5 11. Nb6 Rb8 12. Nd5 exd5 13. exd5 Bb7 14.
Rfe1+ Kd7 15. a4 h6 16. Bxf6 Qxf6 17. Qa7 Be7 18. axb5 axb5 19. Nd4 Qg5 20. Nc6
Bf6 21. Nxb8+ Rxb8 22. Qxb8 Qxd5 23. f3 Bd4+ 24. Kh1 Qxf3 25. Qe8+ Kc7 26. Re7+
Kb6 27. Qd8+ Kc5 28. Qc7+ Kb4 29. Qxd6+ Bc5 30. Qd2+ 1-0

[Event "GER-ROU U18 Online 2020"]
[Site "PlayChess INT"]
[Date "2020.04.25"]
[Round "2"]
[White "Engel, Luis"]
[Black "Stoleriu , George"]
[Result "0-1"]
[WhiteElo "2532"]
[BlackElo "2349"]
[PlyCount "144"]
[EventDate "2020.04.25"]
[EventType "rapid"]
[WhiteTeam "GER"]
[BlackTeam "ROU"]

1. e4 e6 2. d4 d5 3. Nd2 Be7 4. Ngf3 Nf6 5. e5 Nfd7 6. Bd3 c5 7. c3 Nc6 8. O-O
a5 9. Bc2 Qb6 10. dxc5 Qc7 11. Re1 Ncxe5 12. Nxe5 Nxe5 13. Qh5 Ng6 14. Nf3 O-O
15. Ng5 Bxg5 16. Bxg5 Qxc5 17. Rad1 e5 18. Rxe5 Bg4 19. Qxg4 Nxe5 20. Qh4 Ng6
21. Bxg6 hxg6 22. Be7 Qb5 23. Bxf8 Rxf8 24. Rd2 Re8 25. h3 Re1+ 26. Kh2 Re2 27.
c4 Qe8 28. Rxd5 f6 29. Qd4 Kh7 30. Rxa5 Qb8+ 31. g3 Qe8 32. Rd5 Re4 33. Qd3 f5
34. Kg2 Re2 35. Rd4 Qc6+ 36. Qf3 Qxf3+ 37. Kxf3 Rxb2 38. Rd7 Rb4 39. c5 g5 40.
a4 Rxa4 41. Rxb7 Rc4 42. Rc7 Rc3+ 43. Kg2 g4 44. hxg4 fxg4 45. c6 Rc1 46. Rc8
Kg6 47. f4 gxf3+ 48. Kxf3 Kg5 49. Ke4 Kg4 50. Kd5 g5 51. Rg8 Rc3 52. c7 Rxc7
53. Kd4 Re7 54. Kd3 Re5 55. Kd4 Re1 56. Kd3 Re5 57. Kd4 Ra5 58. Ke3 Kxg3 59.
Ke2 Rf5 60. Ra8 g4 61. Rg8 Kh3 62. Rh8+ Kg2 63. Rg8 Re5+ 64. Kd2 g3 65. Rg7 Kf2
66. Rf7+ Kg1 67. Rg7 g2 68. Rg8 Kf2 69. Rf8+ Kg3 70. Rg8+ Kf3 71. Rf8+ Kg4 72.
Rg8+ Rg5 0-1

[Event "Graz Open A 2020"]
[Site "Graz AUT"]
[Date "2020.02.14"]
[Round "1.54"]
[White "Kobas, Mihael"]
[Black "Stoleriu , George"]
[Result "0-1"]
[WhiteElo "2068"]
[BlackElo "2337"]
[PlyCount "62"]
[EventDate "2020.02.14"]

1. d4 e6 2. Nf3 Nf6 3. e3 b6 4. Bd3 Bb7 5. O-O Be7 6. Nbd2 c5 7. c3 O-O 8. Qe2
Nc6 9. b3 d5 10. Bb2 Rc8 11. Rac1 Qc7 12. Rfe1 Qb8 13. c4 cxd4 14. exd4 dxc4
15. bxc4 Rfd8 16. Ne4 Nb4 17. Nxf6+ Bxf6 18. Bb1 Qf4 19. Qe3 Qg4 20. h3 Qh5 21.
Ne5 Bxe5 22. Qxe5 Qxe5 23. dxe5 Ba6 24. a3 Nd3 25. Bxd3 Rxd3 26. Re4 h6 27. Rc2
Rc5 28. Kf1 b5 29. Rd4 bxc4 30. Ke1 Rxe5+ 31. Kf1 c3 0-1

[Event "Graz Open A 2020"]
[Site "Graz AUT"]
[Date "2020.02.17"]
[Round "4.36"]
[White "Stoleriu , George"]
[Black "Golecki, Jan"]
[Result "1/2-1/2"]
[WhiteElo "2337"]
[BlackElo "2112"]
[PlyCount "80"]
[EventDate "2020.02.14"]

1. Nf3 Nf6 2. c4 d6 3. d4 Nbd7 4. g3 c6 5. Bg2 g6 6. O-O Bg7 7. b3 O-O 8. Bb2
Qc7 9. Nc3 a5 10. e4 Re8 11. a3 e5 12. d5 Nb6 13. a4 Nh5 14. Ba3 c5 15. Nh4 Bf6
16. Nf5 Bd7 17. Nb5 Bxb5 18. cxb5 Nc8 19. Bb2 Kh8 20. Ne3 Bg7 21. Qc2 Nb6 22.
Rae1 Qe7 23. Bc3 Qg5 24. Qd2 f5 25. Bxa5 Nd7 26. Nc4 Qf6 27. exf5 gxf5 28. Bf3
Bh6 29. Qc2 Nf4 30. Bc7 e4 31. Nxd6 Rg8 32. Bg2 Nxd5 33. Nxb7 Nxc7 34. Rd1 Ne5
35. Rd6 Ne6 36. a5 Bf8 37. Rb6 Nd7 38. Rc6 Ne5 39. Rb6 Nd7 40. Rc6 Ne5 1/2-1/2

[Event "Graz Open A 2020"]
[Site "Graz AUT"]
[Date "2020.02.18"]
[Round "5.20"]
[White "Dragnev, Valentin"]
[Black "Stoleriu , George"]
[Result "1/2-1/2"]
[WhiteElo "2549"]
[BlackElo "2337"]
[PlyCount "63"]
[EventDate "2020.02.14"]

1. d4 Nf6 2. c4 e6 3. Nf3 Bb4+ 4. Bd2 Qe7 5. g3 Bxd2+ 6. Qxd2 d6 7. Bg2 O-O 8.
Nc3 Re8 9. O-O e5 10. dxe5 dxe5 11. Nd5 Nxd5 12. cxd5 e4 13. Nd4 Qe5 14. Nb5 a6
15. Nc3 Bf5 16. Rfd1 Nd7 17. Qd4 Nf6 18. Qb4 Rab8 19. e3 h5 20. h4 Bg4 21. Rd4
Bf3 22. Bxf3 exf3 23. Rad1 Rbd8 24. R4d2 b5 25. Qf4 Qxf4 26. gxf4 b4 27. Nb1
Ne4 28. Rd4 Rd6 29. Nd2 Rg6+ 30. Kf1 Nxd2+ 31. R1xd2 Rg4 32. Rxb4 1/2-1/2

[Event "Graz Open A 2020"]
[Site "Graz AUT"]
[Date "2020.02.18"]
[Round "6.36"]
[White "Stoleriu , George"]
[Black "Pasti, Aron"]
[Result "1/2-1/2"]
[WhiteElo "2337"]
[BlackElo "2247"]
[PlyCount "83"]
[EventDate "2020.02.14"]

1. Nf3 d5 2. b3 Nf6 3. Bb2 Bf5 4. c4 e6 5. g3 Be7 6. Bg2 O-O 7. O-O h6 8. d3
Nbd7 9. Nbd2 c6 10. Re1 Bh7 11. Qc2 Qb6 12. Bd4 Bc5 13. Bxc5 Nxc5 14. Ne5 Rfd8
15. Rec1 Ncd7 16. Ndf3 Nxe5 17. Nxe5 Nd7 18. Qb2 Qc7 19. Nxd7 Qxd7 20. b4 Qd6
21. a4 Rac8 22. Rab1 d4 23. b5 e5 24. c5 Qe7 25. Bh3 f5 26. a5 e4 27. bxc6 bxc6
28. dxe4 Qxe4 29. Qa2+ Kh8 30. Rb7 Rb8 31. Bg2 Rxb7 32. Bxe4 fxe4 33. Rd1 d3
34. f3 e3 35. exd3 Bxd3 36. Qe6 e2 37. Rxd3 Rxd3 38. Qxe2 Rd8 39. Kg2 Rb5 40.
Qe7 Rd5 41. a6 Rdxc5 42. Qe8+ 1/2-1/2

[Event "Open internazionale 2020 - Gruppo A"]
[Site "Graz AUT"]
[Date "2020.02.14"]
[Round "1.54"]
[White "Kobas, Mihael"]
[Black "Stoleriu , George"]
[Result "0-1"]
[WhiteElo "2068"]
[BlackElo "2337"]
[PlyCount "46"]
[EventDate "2020.02.14"]

1. d4 e6 2. Nf3 Nf6 3. e3 b6 4. Bd3 Bb7 5. O-O Be7 6. Nbd2 c5 7. c3 O-O 8. Qe2
Nc6 9. b3 d5 10. Bb2 Rc8 11. Rac1 Qc7 12. Rfe1 Qb8 13. c4 cxd4 14. exd4 {bxc4}
Rfd8 15. Ne4 Nb4 16. Nxf6+ Bxf6 17. Bb1 Qf4 18. Qe3 {h3 Qh5 Ne5} Be5 19. Qxe5
Qxe5 20. dxe5 Ba6 21. a3 {Bxd3 Rxd3 Re4} h6 22. Rc2 Rc5 23. Kf1 b5 {
Rd4 bxc4 Ke1 Rxe5+ Kf1 c3} 0-1

[Event "Open internazionale 2020 - Gruppo A"]
[Site "Graz AUT"]
[Date "2020.02.15"]
[Round "2.11"]
[White "Stoleriu , George"]
[Black "Vorobiov, Evgeny E"]
[Result "0-1"]
[WhiteElo "2337"]
[BlackElo "2520"]
[PlyCount "114"]
[EventDate "2020.02.14"]

1. e4 c5 2. Nf3 e6 3. b3 Nc6 4. Bb2 d5 5. exd5 exd5 6. d4 Nf6 7. Be2 cxd4 8.
O-O Bc5 9. Nxd4 O-O 10. Nxc6 bxc6 11. Bd3 Qd6 12. Qf3 Ng4 13. Qh3 h6 14. Qg3
Qe7 15. Nc3 Bd6 16. f4 Re8 17. Kh1 Bd7 18. Rae1 Qf8 19. Na4 f5 20. h3 Nf6 21.
Qg6 Rxe1 22. Rxe1 Bxf4 23. Nc5 Qxc5 24. Bxf6 Qf8 25. Bxg7 Qxg7 26. Qxg7+ Kxg7
27. Re7+ Kf6 28. Rxd7 Bg3 29. Kg1 Re8 30. Rxa7 Re1+ 31. Bf1 Rc1 32. Rh7 Kg6 33.
Re7 Rxc2 34. Re2 Rc1 35. Re3 f4 36. Re6+ Kg5 37. a4 Be1 38. Bd3 Bg3+ 39. Bf1
Be1 40. Bd3 Bh4+ 41. Bf1 d4 42. Re5+ Kg6 43. b4 d3 44. Re6+ Kf5 45. Rd6 Ke4 46.
b5 cxb5 47. axb5 Bf6 48. Rxf6 d2 49. Rd6 d1=Q 50. Rxd1 Rxd1 51. Kf2 Rd2+ 52.
Be2 Rb2 53. b6 f3 54. gxf3+ Kf4 55. h4 Rxb6 56. Bd3 Rb2+ 57. Ke1 Rh2 0-1

[Event "Open internazionale 2020 - Gruppo A"]
[Site "Graz AUT"]
[Date "2020.02.16"]
[Round "3.43"]
[White "Wegerer, Fred"]
[Black "Stoleriu , George"]
[Result "0-1"]
[WhiteElo "2132"]
[BlackElo "2337"]
[PlyCount "25"]
[EventDate "2020.02.14"]

1. c4 e5 2. e3 Nc6 3. Nc3 Nf6 4. Nf3 {Qc2 O-O a3} a5 5. h3 {Re8} d6 {O-O h6} 6.
d4 exd4 7. exd4 d5 {Rd1 Be6} 8. c5 {Nh7 Bf4 Ng5 Nb5 Rc8 Nxg5 Bh2} Qd7 9. Bd3 {
Bf6 Qc3} g6 10. b4 axb4 {axb4} 11. Bf1 g5 {Ra3 f5} 12. h4 {f4 hxg5 g3 Bg4 Rd3
Rf8 gxf4 gxf4 Bh3 Rce8 Kh1 f3 Bf1 Nxc7 Rh6 Nxd5 Qxd5 Qb3 Qxb3 Raxb3 Rf5 Kg1}
Nxd4 {Rxd4 Bxd4} 13. Bc4 {Kg7 Rd3 Bxf2+ Kxf2 Rxh2+ Kg1 Rg2+ Kf1 Rh5} 0-1

[Event "Open internazionale 2020 - Gruppo A"]
[Site "Graz AUT"]
[Date "2020.02.20"]
[Round "8.14"]
[White "Stoleriu , George"]
[Black "Shengelia, David"]
[Result "1-0"]
[WhiteElo "2337"]
[BlackElo "2557"]
[PlyCount "167"]
[EventDate "2020.02.14"]

1. e4 c5 2. Nf3 Nc6 3. Bb5 e6 4. O-O Nge7 5. d4 cxd4 6. Nxd4 Qb6 7. Nxc6 dxc6
8. Bd3 Ng6 9. Nd2 e5 10. Nc4 Qc7 11. a4 Bc5 12. Qh5 Be6 13. Kh1 b6 14. c3 O-O
15. b4 Be7 16. Be3 Rfd8 17. Qe2 Nf4 18. Bxf4 exf4 19. e5 g6 20. Rfd1 Rd7 21.
Nd2 Rad8 22. Nf3 c5 23. b5 Bd5 24. Bc2 c4 25. Nd2 Bf8 26. Nf3 Bg7 27. Re1 Bxf3
28. Qxf3 Bxe5 29. Rad1 Rxd1 30. Rxd1 Rxd1+ 31. Bxd1 Qd6 32. Be2 Qa3 33. g3 Qxa4
34. Qd5 f3 35. Bxf3 Bxc3 36. Be2 Qc2 37. Qxc4 Qb2 38. Kg2 Bd4 39. Qd3 Bc5 40.
Qf3 Qd4 41. Bd1 Kg7 42. Bb3 Qd7 43. Qd5 Qe7 44. Qf3 Bd4 45. Qd5 Bc3 46. Qf3 Be5
47. Qd5 Bb2 48. Qf3 h5 49. h4 f5 50. Qe3 Qb4 51. Qd3 Kh7 52. Qc4 Qe1 53. Qe6
Qd2 54. Qc4 Bg7 55. Qd5 Qb2 56. Qd3 Bd4 57. Qc2 Qa3 58. Qd3 Qa1 59. Qd1 Qc3 60.
Qc2 Qe1 61. Qc7+ Bg7 62. Qc4 Qe5 63. Qd5 Qf6 64. Qc4 Qe7 65. Qg8+ Kh6 66. Qe6
Qd8 67. Qd5 Qe8 68. Qd2+ Kh7 69. Qd5 Qf8 70. Qc4 Qe7 71. Qe6 Qa3 72. Qe3 Qb4
73. Qd3 Qe1 74. Qd5 Qa1 75. Qd1 Qf6 76. Qf3 Qb2 77. Qd3 Qc1 78. Qd1 Qc8 79. Qf3
a5 80. bxa6 Qxa6 81. Qc6 Qa5 82. Bf7 Qd2 83. Bxg6+ Kg8 84. Qe8+ 1-0

[Event "Romanian Open 2019"]
[Site "Alba Iulia ROU"]
[Date "2019.10.30"]
[Round "4.6"]
[White "Akash, G."]
[Black "Stoleriu , George"]
[Result "1-0"]
[WhiteElo "2449"]
[BlackElo "2351"]
[PlyCount "143"]
[EventDate "2019.10.28"]

1. e4 e6 2. d4 d5 3. Nd2 Be7 4. Bd3 c5 5. dxc5 Nf6 6. Qe2 a5 7. Ngf3 O-O 8. O-O
Na6 9. e5 Nd7 10. Nb3 a4 11. Nbd4 Ndxc5 12. Bb5 Nc7 13. c4 Nxb5 14. cxb5 Bd7
15. Be3 Qa5 16. Bd2 Qb6 17. Bb4 Rfc8 18. Rfc1 Bf8 19. g3 Rc7 20. Rc2 Ne4 21.
Rxc7 Qxc7 22. Qe1 Bxb4 23. Qxb4 Qc5 24. Qxc5 Nxc5 25. Rc1 Rc8 26. Ne1 f6 27. f4
Kf7 28. Nef3 Nd3 29. Rxc8 Bxc8 30. b3 a3 31. Nc2 Nc1 32. Nb4 Ne2+ 33. Kf2 Nc3
34. Nd4 Bd7 35. b6 g5 36. Ke3 fxe5 37. fxe5 Kg6 38. g4 h5 39. h3 h4 40. Nd3
Nxa2 41. Kd2 Kf7 42. b4 Ke7 43. b5 Be8 44. Nc5 Bg6 45. Nxb7 Nb4 46. Kc3 a2 47.
Kb2 Nd3+ 48. Kxa2 Kd7 49. Nc6 d4 50. Nba5 Nc5 51. b7 Nxb7 52. Nxb7 Kc7 53. Nd6
d3 54. Nc4 Be4 55. N6a5 Bg2 56. b6+ Kb8 57. Kb2 Bxh3 58. Nc6+ Kb7 59. Nd8+ Kb8
60. Na5 Bg2 61. Ndc6+ Bxc6 62. Nxc6+ Kb7 63. Nd4 Kxb6 64. Nf3 Kc5 65. Kc3 d2
66. Kxd2 h3 67. Kd3 Kd5 68. Ke3 Kc4 69. Kf2 Kd5 70. Kg3 Ke4 71. Nxg5+ Kxe5 72.
Nxh3 1-0

[Event "Romanian Open 2019"]
[Site "Alba Iulia ROU"]
[Date "2019.11.03"]
[Round "9.9"]
[White "Stoleriu , George"]
[Black "Shishkin, Vadim"]
[Result "1/2-1/2"]
[WhiteElo "2351"]
[BlackElo "2428"]
[PlyCount "83"]
[EventDate "2019.10.28"]

1. e4 c5 2. Nf3 Nc6 3. Bb5 g6 4. Bxc6 dxc6 5. d3 Bg7 6. h3 b6 7. a4 a5 8. O-O
Nh6 9. Na3 f6 10. Be3 Nf7 11. Qd2 e5 12. Rfd1 O-O 13. c3 f5 14. exf5 gxf5 15.
Bg5 Qc7 16. d4 cxd4 17. cxd4 e4 18. Bf4 Qe7 19. Ne5 Nxe5 20. dxe5 Be6 21. Qc3
Bd5 22. Nc4 Rab8 23. Ne3 Qe6 24. Rac1 Rfd8 25. Nxd5 cxd5 26. Qd4 Rd7 27. Rc3
Re8 28. Rb3 Bxe5 29. Bxe5 Qxe5 30. Rb5 Qxd4 31. Rxd4 Rc8 32. Rdxd5 Rxd5 33.
Rxd5 Rc1+ 34. Kh2 f4 35. Rg5+ Kh8 36. Rf5 e3 37. fxe3 fxe3 38. Re5 Rc2 39. b4
Rc4 40. bxa5 bxa5 41. Rxe3 Rxa4 42. Re7 1/2-1/2

[Event "World Youth Open U18 2019"]
[Site "Mumbai IND"]
[Date "2019.10.05"]
[Round "5.14"]
[White "Vatsal, Singhania"]
[Black "Stoleriu , George"]
[Result "1/2-1/2"]
[WhiteElo "2157"]
[BlackElo "2351"]
[PlyCount "102"]
[EventDate "2019.10.02"]

1. e4 e6 2. d4 d5 3. Nd2 Nc6 4. Ngf3 Nf6 5. e5 Nd7 6. Nb3 Be7 7. Bb5 a5 8. a4
Na7 9. Be2 b6 10. O-O O-O 11. Bf4 c5 12. c3 Nc6 13. Bb5 Na7 14. Be2 Nc6 15. Bb5
Na7 16. c4 Bb7 17. Rc1 dxc4 18. Bxc4 cxd4 19. Nfxd4 Nc5 20. Qg4 Kh8 21. Rfd1
Qe8 22. Nb5 Nxb3 23. Bxb3 Nxb5 24. axb5 Qxb5 25. Bc4 Qe8 26. Bd3 Rc8 27. Be3
Rxc1 28. Rxc1 Qd8 29. Bf1 Bd5 30. Qa4 Qb8 31. Qd7 Bc5 32. Bxc5 bxc5 33. Qd6 Kg8
34. Qxb8 Rxb8 35. Rxc5 g5 36. Rxa5 Rxb2 37. Ra1 Rc2 38. Re1 Kg7 39. g3 h6 40.
Bg2 Bxg2 41. Kxg2 h5 42. h3 Rc4 43. Kf3 g4+ 44. hxg4 hxg4+ 45. Kg2 Kg6 46. Ra1
Kf5 47. Ra7 Kg6 48. Ra5 Re4 49. Rb5 Kf5 50. Rb7 Kg6 51. Rb5 Kf5 1/2-1/2

[Event "TCh-ROU 1st League 2019"]
[Site "Mamaia ROU"]
[Date "2019.09.23"]
[Round "3.4"]
[White "Itkis, Boris"]
[Black "Stoleriu , George"]
[Result "1-0"]
[WhiteElo "2323"]
[BlackElo "2351"]
[PlyCount "39"]
[EventDate "2019.09.21"]
[WhiteTeam "Cs Victoria Sparta Techirghiol"]
[BlackTeam "Acs Vados Arad"]

1. d4 e6 2. c4 Nf6 3. g3 Bb4+ 4. Bd2 Qe7 5. Bg2 Nc6 6. Nf3 Bxd2+ 7. Nbxd2 d6 8.
Nf1 e5 9. Ne3 exd4 10. Nd5 Qd8 11. Nxd4 Bd7 12. O-O O-O 13. Rc1 Re8 14. e3 Ne4
15. Re1 Rc8 16. Qc2 Nxd4 17. exd4 Ng5 18. Rxe8+ Bxe8 19. Nf4 Bc6 20. d5 1-0

[Event "12th Arad Open 2019"]
[Site "Arad ROU"]
[Date "2019.07.25"]
[Round "2.21"]
[White "Stoleriu , George"]
[Black "Zaim, Marian"]
[Result "1-0"]
[WhiteElo "2360"]
[BlackElo "2021"]
[PlyCount "73"]
[EventDate "2019.07.24"]

1. e4 c5 2. Be2 Nc6 3. f4 d6 4. Nf3 Nf6 5. d3 g6 6. O-O Bg7 7. c3 O-O 8. Qe1 e6
9. Qh4 Ne8 10. Qxd8 Nxd8 11. Be3 b6 12. a4 Nf6 13. h3 Nc6 14. Na3 Rd8 15. Rab1
d5 16. e5 Nd7 17. d4 Bf8 18. g4 Ndb8 19. Rbc1 Bd7 20. Bd3 Na5 21. f5 Nbc6 22.
h4 cxd4 23. cxd4 Nb4 24. Bb1 exf5 25. gxf5 Bxf5 26. Bxf5 gxf5 27. Kh2 h6 28.
Rg1+ Kh8 29. Rc7 Nd3 30. Rxf7 Nxb2 31. Nb5 Nac4 32. Bc1 a6 33. Rg6 axb5 34. Bg5
Ne3 35. Bf6+ Bg7 36. Rgxg7 Ng4+ 37. Rxg4# 1-0

[Event "12th Arad Open 2019"]
[Site "Arad ROU"]
[Date "2019.07.25"]
[Round "3.19"]
[White "Tampea, Radu"]
[Black "Stoleriu , George"]
[Result "0-1"]
[WhiteElo "1913"]
[BlackElo "2360"]
[PlyCount "42"]
[EventDate "2019.07.24"]

1. e4 e6 2. d4 d5 3. Nd2 Be7 4. c3 c5 5. Ngf3 cxd4 6. cxd4 dxe4 7. Nxe4 Nf6 8.
Nc3 O-O 9. Bd3 b6 10. Qe2 Nc6 11. Be3 Nb4 12. Bc4 Bb7 13. O-O Rc8 14. Ne5 Nbd5
15. Nxd5 Nxd5 16. a3 Bf6 17. Bd3 Nxe3 18. fxe3 Bxe5 19. Qh5 f5 20. Rad1 Bf6 21.
g4 Qd5 0-1

[Event "12th Arad Open 2019"]
[Site "Arad ROU"]
[Date "2019.07.30"]
[Round "8.14"]
[White "Stoleriu , George"]
[Black "Michalicka Milan (SVK)"]
[Result "1-0"]
[WhiteElo "2360"]
[BlackElo "2190"]
[PlyCount "95"]
[EventDate "2019.07.24"]

1. e4 c5 2. Nc3 e6 3. Nf3 Nc6 4. d4 cxd4 5. Nxd4 Qc7 6. Qd3 a6 7. Nxc6 bxc6 8.
Qg3 Qxg3 9. hxg3 d6 10. g4 e5 11. g5 Ne7 12. b3 Bb7 13. Ba3 Ng6 14. O-O-O O-O-O
15. g3 Be7 16. Kb1 Kc7 17. Bb4 Kb8 18. Bc4 d5 19. Bxe7 Nxe7 20. Bd3 d4 21. Na4
a5 22. Rh5 g6 23. Rh2 h5 24. gxh6 Rh7 25. f4 f6 26. fxe5 fxe5 27. Rf1 Rdh8 28.
Nc5 Bc8 29. Bc4 Rxh6 30. Rxh6 Rxh6 31. Rf7 Ng8 32. Nd3 Rh1+ 33. Kb2 Nh6 34. Rf8
Kc7 35. Nxe5 Ng4 36. Nxc6 Ne3 37. Bd3 Kxc6 38. Rxc8+ Kb6 39. Rb8+ Kc6 40. Ra8
Rg1 41. Ra6+ Kc7 42. Rxa5 Rxg3 43. Ra4 g5 44. Rxd4 g4 45. e5 Nd1+ 46. Ka3 Nf2
47. Bf5 Re3 48. Bxg4 1-0

[Event "12th Arad Open 2019"]
[Site "Arad ROU"]
[Date "2019.07.31"]
[Round "9.5"]
[White "Svetushkin, Dmitry"]
[Black "Stoleriu , George"]
[Result "1-0"]
[WhiteElo "2528"]
[BlackElo "2360"]
[PlyCount "69"]
[EventDate "2019.07.24"]

1. e4 e6 2. d4 d5 3. Nc3 Bb4 4. e5 c5 5. a3 Bxc3+ 6. bxc3 Qc7 7. Nf3 Ne7 8. a4
b6 9. Bb5+ Bd7 10. O-O Nbc6 11. Ba3 Na5 12. dxc5 bxc5 13. Nd2 Bxb5 14. axb5
Qxe5 15. Bxc5 Qxc3 16. Ne4 dxe4 17. Qd6 O-O 18. Bb4 Qxc2 19. Qxe7 Rfe8 20. Qd7
Red8 21. Qe7 Re8 22. Qd6 Red8 23. Qg3 Nc4 24. Be7 Rd3 25. Qc7 e3 26. Rxa7 exf2+
27. Kh1 h6 28. Rxa8+ Kh7 29. Raa1 Rc3 30. Qf4 Ne3 31. Rxf2 Qg6 32. Qxf7 Qg4 33.
Re1 Nd1 34. Rfe2 Ne3 35. Qf3 1-0

[Event "Campionatele Nationale de sah pentru co"]
[Site "Calimanesti-Caciulata"]
[Date "2019.04.15"]
[Round "1.1"]
[White "Stoleriu , George"]
[Black "David, Cristian"]
[Result "1-0"]
[WhiteElo "2368"]
[BlackElo "1926"]
[PlyCount "77"]
[EventDate "2019.04.15"]
[EventRounds "9"]

1. e4 c6 2. Nf3 d5 3. exd5 cxd5 4. Ne5 Nf6 5. d4 Nbd7 6. c3 Qb6 7. Bd3 g6 8.
Qe2 Bg7 9. Nxd7 Bxd7 10. O-O Rc8 11. h3 Rc6 12. a4 Re6 13. Qd1 O-O 14. Nd2 Ne4
15. Nxe4 dxe4 16. Bc4 Rd6 17. Qe2 Bc6 18. Bf4 Rd7 19. a5 Qd8 20. a6 e6 21. axb7
Rxb7 22. b4 Bd5 23. Ba6 Rb6 24. Ra5 Qe7 25. Rc5 Ra8 26. Rd1 g5 27. Bg3 Bb7 28.
Bxb7 Rxb7 29. Qxe4 f5 30. Qc6 f4 31. Bh2 Bf6 32. g3 Kh8 33. Re1 Re8 34. gxf4
gxf4 35. Bxf4 Rg8+ 36. Kh2 Rb6 37. Qc7 Qf8 38. Bg3 Be7 39. Be5+ 1-0

[Event "ch-ROU U18 2019"]
[Site "Calimanesti-Caciulata ROU"]
[Date "2019.04.16"]
[Round "2.1"]
[White "Ciorica, Mihai Vlad"]
[Black "Stoleriu , George"]
[Result "1/2-1/2"]
[WhiteElo "2096"]
[BlackElo "2368"]
[PlyCount "22"]
[EventDate "2019.04.15"]

1. d4 Nf6 2. c4 e6 3. Nf3 Bb4+ 4. Bd2 Qe7 5. g3 Nc6 6. Nc3 O-O 7. Bg2 d5 8.
cxd5 exd5 9. Bg5 h6 10. Bxf6 Qxf6 11. O-O Bxc3 1/2-1/2

[Event "ch-ROU U18 2019"]
[Site "Calimanesti-Caciulata ROU"]
[Date "2019.04.17"]
[Round "3.2"]
[White "Stoleriu , George"]
[Black "Stefan, Mihai"]
[Result "1/2-1/2"]
[WhiteElo "2368"]
[BlackElo "2111"]
[PlyCount "40"]
[EventDate "2019.04.15"]

1. Nf3 d5 2. c4 e6 3. b3 Nf6 4. Bb2 Be7 5. g3 O-O 6. Bg2 c5 7. cxd5 exd5 8. d4
Ne4 9. O-O Nc6 10. a3 Bf6 11. Ra2 Be6 12. dxc5 Nxc5 13. Bxf6 Qxf6 14. Rc2 Ne4
15. Qc1 Rad8 16. b4 a6 17. Nbd2 Rfe8 18. Nb3 d4 19. Nc5 Nxc5 20. Rxc5 Bd5
1/2-1/2

[Event "ch-ROU U18 2019"]
[Site "Calimanesti-Caciulata ROU"]
[Date "2019.04.17"]
[Round "4.4"]
[White "Popa, Eduard-Adrian"]
[Black "Stoleriu , George"]
[Result "0-1"]
[WhiteElo "1902"]
[BlackElo "2368"]
[PlyCount "70"]
[EventDate "2019.04.15"]

1. d4 e6 2. Nf3 Nf6 3. e3 b6 4. Bd3 Bb7 5. Nbd2 c5 6. O-O d6 7. a4 Nc6 8. Qe2
a6 9. c3 g6 10. Nc4 Bg7 11. Bd2 O-O 12. b4 e5 13. dxe5 dxe5 14. e4 b5 15. axb5
axb5 16. Rxa8 Bxa8 17. Na3 c4 18. Bb1 Qb8 19. Be3 Nd8 20. Bc5 Re8 21. Rd1 Nb7
22. Nxb5 Nxc5 23. Nd6 Na4 24. Qxc4 Rf8 25. Nxe5 Bd5 26. Rxd5 Nxd5 27. Nexf7
Naxc3 28. Bd3 Qb6 29. exd5 Nd1 30. Qc5 Bd4 31. Nh6+ Kh8 32. Ndf7+ Kg7 33. Qe7
Bf6 34. Qe6 Qxf2+ 35. Kh1 Ne3 0-1

[Event "ch-ROU U18 2019"]
[Site "Calimanesti-Caciulata ROU"]
[Date "2019.04.18"]
[Round "5.2"]
[White "Stoleriu , George"]
[Black "Carasca, Bogdan-Petru"]
[Result "1-0"]
[WhiteElo "2368"]
[BlackElo "2221"]
[PlyCount "101"]
[EventDate "2019.04.15"]

1. e4 c5 2. Nf3 d6 3. Bb5+ Nc6 4. O-O Bd7 5. Re1 Nf6 6. c3 a6 7. Bc4 b5 8. Bf1
e5 9. a4 Rb8 10. axb5 axb5 11. d4 cxd4 12. cxd4 Be7 13. Na3 Nxd4 14. Nxd4 exd4
15. Qxd4 O-O 16. Bf4 Qb6 17. Rad1 Rfd8 18. Bxd6 Bg4 19. e5 Bxd6 20. Qxb6 Rxb6
21. Rxd6 Rbxd6 22. exd6 Rxd6 23. Bxb5 Rd2 24. f3 Be6 25. Re2 Rd4 26. Nc2 Rd5
27. Ba4 Rd1+ 28. Kf2 Rb1 29. Nd4 Bd5 30. Nb5 Ra1 31. Nc3 Bc4 32. Re1 Rxe1 33.
Kxe1 Kf8 34. Kf2 Ke7 35. Ke3 Kd6 36. Ne4+ Nxe4 37. Kxe4 f6 38. b4 Bd5+ 39. Kd4
g5 40. Bc2 h5 41. Be4 Be6 42. b5 f5 43. Bd3 h4 44. b6 Bc8 45. Bc2 g4 46. fxg4
h3 47. g3 fxg4 48. Be4 Ba6 49. Ke3 Bf1 50. Kf4 Bg2 51. Bf5 1-0

[Event "ch-ROU U18 2019"]
[Site "Calimanesti-Caciulata ROU"]
[Date "2019.04.19"]
[Round "6.1"]
[White "Ciorgovean, Iustin"]
[Black "Stoleriu , George"]
[Result "1/2-1/2"]
[WhiteElo "2233"]
[BlackElo "2368"]
[PlyCount "70"]
[EventDate "2019.04.15"]

1. d4 Nf6 2. c4 e6 3. Nf3 d5 4. Nc3 Be7 5. Qc2 O-O 6. cxd5 exd5 7. Bg5 c6 8. e3
Nbd7 9. Bd3 Re8 10. h3 Nf8 11. O-O Ne4 12. Bf4 Ng5 13. Bxg5 Bxg5 14. Rad1 Be7
15. e4 dxe4 16. Bxe4 Qa5 17. d5 cxd5 18. Rxd5 Qc7 19. Nd4 a6 20. Rd1 h6 21. Nf5
Be6 22. Nxe7+ Rxe7 23. Qd2 Nd7 24. Qd4 Nf6 25. Rd8+ Re8 26. Rxa8 Rxa8 27. Bf3
Rb8 28. a3 b5 29. Qd6 Qxd6 30. Rxd6 b4 31. Ne4 Nxe4 32. Bxe4 bxa3 33. bxa3 Bc4
34. Rc6 Bb5 35. Rc7 Rd8 1/2-1/2

[Event "ch-ROU U18 2019"]
[Site "Calimanesti-Caciulata ROU"]
[Date "2019.04.20"]
[Round "7.1"]
[White "Talu, Mircea"]
[Black "Stoleriu , George"]
[Result "0-1"]
[WhiteElo "2254"]
[BlackElo "2368"]
[PlyCount "120"]
[EventDate "2019.04.15"]

1. d4 e6 2. c4 b6 3. Nf3 Bb7 4. g3 f5 5. Bg2 Nf6 6. O-O Be7 7. Nc3 Ne4 8. d5
Nxc3 9. bxc3 O-O 10. Nd4 e5 11. d6 Bxg2 12. dxe7 Qxe7 13. Kxg2 exd4 14. cxd4
Nc6 15. e3 Na5 16. Qd3 Qe4+ 17. Qxe4 fxe4 18. Ba3 Rf5 19. Rac1 Nc6 20. c5 b5
21. Rb1 a6 22. Bb4 Raf8 23. Bd2 Ne7 24. Rbe1 h5 25. h4 Rf3 26. Re2 R8f6 27. Ba5
Nd5 28. a4 b4 29. Rc1 R6f5 30. Rb2 Kf7 31. Rh1 Ke6 32. Kg1 Nc3 33. Rh2 d6 34.
Bxb4 Nxa4 35. Rc2 dxc5 36. dxc5 Rd5 37. Kg2 Rff5 38. Ra2 Nxc5 39. Bxc5 Rxc5 40.
Rxa6+ c6 41. Rh1 Rc2 42. Rf1 Kd5 43. Ra8 c5 44. Rd8+ Kc4 45. Re8 Kd3 46. Re7 g5
47. hxg5 Rxg5 48. Rd1+ Ke2 49. Rf1 h4 50. Rxe4 hxg3 51. fxg3 Kd3+ 52. Kf3 Rxg3+
53. Kxg3 Kxe4 54. Rf2 Rc1 55. Re2 c4 56. Kf2 c3 57. Ra2 c2 58. Ra4+ Kd5 59.
Rd4+ Ke5 60. Rd2 Rh1 0-1

[Event "ch-ROU U18 2019"]
[Site "Calimanesti-Caciulata ROU"]
[Date "2019.04.21"]
[Round "8.2"]
[White "Stoleriu , George"]
[Black "Anghelus, Alin-Gabriel"]
[Result "1-0"]
[WhiteElo "2368"]
[BlackElo "2170"]
[PlyCount "85"]
[EventDate "2019.04.15"]

1. e4 c5 2. b3 Nc6 3. Bb2 e5 4. Nf3 d6 5. Bc4 g6 6. O-O Bg7 7. Na3 a6 8. c3
Nge7 9. Nc2 O-O 10. d4 Bg4 11. dxc5 dxc5 12. Qxd8 Raxd8 13. Ba3 Bxf3 14. gxf3
b5 15. Be2 Rd2 16. Bd1 Rd3 17. Ne1 Rd7 18. Bxc5 Rfd8 19. Bc2 Bh6 20. Bb6 Rc8
21. Nd3 f6 22. Rad1 Rb7 23. Bc5 Nd8 24. b4 Kg7 25. Bb3 Nf7 26. Kg2 Bf4 27. a4
g5 28. axb5 axb5 29. Bxe7 Rxe7 30. Bxf7 Kxf7 31. Nc5 Ra7 32. Rd6 Ra3 33. Rd7+
Kg6 34. Rfd1 Rxc3 35. Rb7 R3xc5 36. bxc5 Rxc5 37. Rdd7 h6 38. Rg7+ Kh5 39. Rb6
b4 40. Rxf6 b3 41. Rgg6 g4 42. fxg4+ Kh4 43. Rf5 1-0